[Event "Balatonbereny"]
[Site "Balatonbereny"]
[Date "1996.??.??"]
[Round "8"]
[White "Romanishin, Oleg M"]
[Black "Horvath, Csaba"]
[Result "1/2-1/2"]
[WhiteElo "2590"]
[BlackElo "2540"]
[PlyCount "56"]
[EventDate "1996.06.13"]
[Source "ChessBase"]

1. Nf3 d5 2. d4 Nf6 3. c4 c6 4. Nc3 dxc4 5. g3 g6 6. Ne5 Be6 7. Bg2 Bg7 8. O-O O-O 9. e4 Nbd7 10. f4 Qb6 11. Nf3 Bg4 12. Kh1 Rad8 13. Qe2 c5 14. d5 e6 15. dxe6 Qxe6 16. e5 Nd5 17. Qxc4 Nb4 18. Nd2 Nc2 19. Rb1 Ne3 20. Qxe6 Bxe6 21. Re1 Nxg2 22. Kxg2 Bf5 23. Nde4 f6 24. e6 Bxe6 25. Nd6 Bf7 26. Nxb7 Rb8 27. Nd6 f5 28. Bd2 Nb6 1/2-1/2

[Event "St Petersburg"]
[Site "St Petersburg"]
[Date "1997.??.??"]
[Round "2"]
[White "Sosonko, Gennadi"]
[Black "Komarov, Dimitri"]
[Result "1/2-1/2"]
[WhiteElo "2515"]
[BlackElo "2615"]
[PlyCount "54"]
[EventDate "1997.04.17"]
[Source "ChessBase"]
[SourceDate "1997.08.01"]

1. d4 d5 2. c4 c6 3. Nf3 Nf6 4. Nc3 dxc4 5. e3 b5 6. a4 b4 7. Nb1 Ba6 8. Nbd2 c3 9. bxc3 Bxf1 10. Nxf1 bxc3 11. Qc2 Qa5 12. Ng3 e6 13. O-O Nbd7 14. Ne2 Bb4 15. Ba3 c5 16. dxc5 Bxc5 17. Bxc5 Nxc5 18. Qxc3 Qxc3 19. Nxc3 Rb8 20. Rab1 O-O 21. Nd4 Rfc8 22. Nc6 Rxb1 23. Rxb1 Kf8 24. Nxa7 Ra8 25. Nc6 Nxa4 26. Nxa4 Rxa4 27. Rb8+ Ne8 1/2-1/2

[Event "GM"]
[Site "Balatonbereny GM"]
[Date "1996.??.??"]
[Round "8"]
[White "Romanishin, Oleg M"]
[Black "Horvath, Csaba"]
[Result "1/2-1/2"]
[WhiteElo "2590"]
[BlackElo "2540"]
[PlyCount "56"]
[EventDate "1996.??.??"]
[Source "www.chesslib.no"]
[SourceDate "2004.05.04"]

1. Nf3 d5 2. d4 Nf6 3. c4 c6 4. Nc3 dxc4 5. g3 g6 6. Ne5 Be6 7. Bg2 Bg7 8. O-O O-O 9. e4 Nbd7 10. f4 Qb6 11. Nf3 Bg4 12. Kh1 Rad8 13. Qe2 c5 14. d5 e6 15. dxe6 Qxe6 16. e5 Nd5 17. Qxc4 Nb4 18. Nd2 Nc2 19. Nf3 Ne3 20. Ne1 f5 21. Qd3 Nxg2 22. Qf3 Qf7 23. Nxg2 Qxa2 24. Qc6 b6 25. Qa8 Rc8 26. Nxa2 Rc6 27. Qxa7 Rf7 28. Qa6 Rf8 1/2-1/2

[Event "Torshavn sim"]
[Site "Torshavn"]
[Date "2001.06.10"]
[Round "1"]
[White "Olsen, Heini"]
[Black "Kasparov, Garry"]
[Result "1/2-1/2"]
[WhiteElo "2302"]
[BlackElo "2827"]
[PlyCount "42"]
[EventDate "2001.06.05"]
[Source "ChessBase"]
[SourceDate "2001.07.03"]

1. d4 d5 2. c4 c6 3. Nf3 Nf6 4. Nc3 dxc4 5. e3 b5 6. a4 b4 7. Nb1 Ba6 8. Be2 e6 9. O-O c5 10. Nbd2 c3 11. bxc3 bxc3 12. Nb1 Qa5 13. Ba3 Be7 14. Bxa6 Nxa6 15. Qd3 Nd5 16. Rc1 Nab4 17. Qc4 c2 18. Bxb4 Nxb4 19. Na3 O-O 20. Nxc2 Nd5 21. dxc5 Qxc5 1/2-1/2

[Event "St Petersburg-ch"]
[Site "St Petersburg"]
[Date "2003.04.25"]
[Round "10"]
[White "Ivanov, Sergey"]
[Black "Popov, Valerij"]
[Result "1-0"]
[WhiteElo "2557"]
[BlackElo "2570"]
[PlyCount "79"]
[EventDate "2003.04.16"]
[Source "ChessBase"]
[SourceDate "2003.07.25"]

1. d4 d5 2. c4 c6 3. Nf3 Nf6 4. Nc3 dxc4 5. e4 b5 6. e5 Nd5 7. a4 Qd7 8. Ng5 Nxc3 9. bxc3 f6 10. Nf3 Na6 11. g3 Nc7 12. Bg2 Nd5 13. Nh4 g6 14. O-O Bb7 15. Re1 Nxc3 16. Qf3 Nd5 17. exf6 O-O-O 18. axb5 cxb5 19. fxe7 Bxe7 20. Rxa7 Rhf8 21. Qe4 Rfe8 22. Nf3 Bc5 23. Rxb7 Rxe4 24. Rxd7 Rxe1+ 25. Nxe1 Kxd7 26. dxc5 Kc6 27. Ba3 Kc7 28. Nc2 Ne7 29. Kf1 Nc6 30. Ke2 Re8+ 31. Kd2 Rd8+ 32. Kc1 Ne5 33. Nb4 c3 34. Nd5+ Kc8 35. Kc2 Nc4 36. Bb4 Rf8 37. f4 Re8 38. Kxc3 Re2 39. Bf3 Rxh2 40. Nb6+ 1-0

[Event "Kaluga (Russia)"]
[Site "?"]
[Date "2003.??.??"]
[Round "3"]
[White "Gareev Timur"]
[Black "Amonatov Farrukh"]
[Result "1-0"]
[WhiteElo "2525"]
[BlackElo "2600"]
[PlyCount "80"]
[EventDate "2003.??.??"]
[Source "www.chesslib.no"]
[SourceDate "2004.05.04"]

1. d4 d5 2. c4 c6 3. Nf3 Nf6 4. Nc3 dxc4 5. e4 b5 6. e5 Nd5 7. a4 e6 8. Be2 Bb7 9. O-O a6 10. Ne4 Nd7 11. Nfg5 g6 12. Bh5 Rg8 13. Bg4 h6 14. Nxe6 fxe6 15. Bxe6 Rh8 16. Qg4 Qc7 17. Qxg6+ Kd8 18. Bxd5 cxd5 19. Nd6 Bxd6 20. exd6 Qb6 21. Bxh6 Kc8 22. Rfe1 Bc6 23. Bg7 Rg8 24. Qf7 Rd8 25. a5 Qb8 26. Qg6 Ra7 27. h4 Nf8 28. Qf5+ Kb7 29. Re7+ Ka8 30. Rae1 b4 31. h5 c3 32. bxc3 b3 33. h6 b2 34. Rc7 Rxc7 35. dxc7 Qxc7 36. Bxf8 Bd7 37. Qf6 Bc8 38. Bc5 Rg8 39. Qe5 Qh7 40. Qxd5+ Bb7 1-0

[Event "Clarin"]
[Site "Buenos Aires"]
[Date "1978.??.??"]
[Round "9"]
[White "Andersson, Ulf"]
[Black "Smyslov, Vassily"]
[Result "1/2-1/2"]
[WhiteElo "2545"]
[BlackElo "2575"]
[PlyCount "48"]
[EventDate "1978.11.??"]
[Source "ChessBase"]

1. c4 c6 2. Nf3 d5 3. d4 Nf6 4. Nc3 dxc4 5. e3 b5 6. a4 b4 7. Nb1 Ba6 8. Qc2 e6 9. Bxc4 Bxc4 10. Qxc4 Qd5 11. Nbd2 c5 12. dxc5 Bxc5 13. Qxd5 Nxd5 14. Nb3 Nd7 15. Ke2 O-O 16. Bd2 Rfc8 17. Rhc1 a5 18. Rc2 Bb6 19. Rac1 Rxc2 20. Rxc2 f6 21. e4 Ne7 22. Nfd4 e5 23. Nf5 Nxf5 24. exf5 g6 1/2-1/2

[Event "Gothenburg"]
[Site "Gothenburg"]
[Date "1996.??.??"]
[Round "8"]
[White "Hellsten, Johan"]
[Black "Chernin, Alexander"]
[Result "0-1"]
[WhiteElo "2485"]
[BlackElo "2635"]
[PlyCount "78"]
[EventDate "1996.08.??"]
[Source "www.chesslib.no"]
[SourceDate "2004.05.04"]

1. d4 d5 2. c4 c6 3. Nf3 Nf6 4. Nc3 dxc4 5. e3 b5 6. a4 b4 7. Nb1 Ba6 8. Be2 e6 9. O-O Be7 10. Ne5 O-O 11. Nd2 c3 12. Bxa6 Nxa6 13. bxc3 c5 14. c4 Qc7 15. Bb2 Rad8 16. f4 Nb8 17. Qf3 cxd4 18. exd4 Nfd7 19. Ng4 f5 20. Ne3 Bf6 21. Nb3 Nc6 22. Qe2 Na5 23. Nxa5 Qxa5 24. c5 Nb8 25. Qb5 Qa6 26. Rad1 Rd7 27. Nc4 Rb7 28. Qxa6 Nxa6 29. Rfe1 Re7 30. Rd2 Nc7 31. g3 Rd7 32. Nd6 Be7 33. Nb5 Nxb5 34. c6 Rxd4 35. Rxd4 Nxd4 36. Bxd4 Rc8 37. Rxe6 Kf7 38. Re5 Bf6 39. Rd5 Ke6 0-1

[Event "Sochi RUS"]
[Site "?"]
[Date "2006.04.29"]
[Round "10"]
[White "Vitiugov Nikita"]
[Black "Amonatov Farrukh"]
[Result "0-1"]
[WhiteElo "2550"]
[BlackElo "2569"]
[PlyCount "128"]
[EventDate "2006.??.??"]
[Source "www.chesslib.no"]
[SourceDate "2004.05.04"]

1. d4 d5 2. c4 c6 3. Nc3 Nf6 4. Nf3 dxc4 5. e4 b5 6. e5 Nd5 7. a4 e6 8. Ng5 h6 9. Nge4 b4 10. Nb1 Ba6 11. Nbd2 Nf4 12. Qg4 Nd3+ 13. Bxd3 cxd3 14. O-O Qd5 15. Re1 Nd7 16. Nf1 c5 17. dxc5 Nxe5 18. Ne3 Nxg4 19. Nxd5 O-O-O 20. Nxb4 Bb7 21. Bd2 Rd4 22. c6 Bxb4 23. cxb7+ Kxb7 24. Bxb4 Rxb4 25. Nc5+ Kb6 26. Nxd3 Rb3 27. h3 Rxd3 28. hxg4 Rhd8 29. Rac1 R3d4 30. Rc3 Rd1 31. Rb3+ Ka5 32. Kf1 Rxe1+ 33. Kxe1 Rd7 34. Rb8 Kxa4 35. Ke2 Ka5 36. Ke3 Ka6 37. Rg8 g6 38. Rc8 Rb7 39. Rc2 Ka5 40. f3 Ka4 41. Kd2 Rd7+ 42. Kc1 Kb5 43. Rc8 h5 44. gxh5 gxh5 45. Kc2 a5 46. Kc3 Rd5 47. Rf8 Rf5 48. Rb8+ Kc6 49. Rg8 Kd6 50. Kd4 Rb5 51. Ra8 h4 52. Kc3 Rg5 53. Rh8 Rxg2 54. Rxh4 Rf2 55. Rd4+ Ke5 56. Re4+ Kf5 57. Ra4 Rxf3+ 58. Kc2 e5 59. Rxa5 Rf2+ 60. Kc3 Rf1 61. b4 Kf4 62. b5 e4 63. Ra2 e3 64. b6 Rb1 0-1

[Event "XXIV Open"]
[Site "Cappelle La Grande FRA"]
[Date "2008.02.21"]
[Round "7"]
[White "Arutinian, D."]
[Black "Deviatkin, A."]
[Result "1/2-1/2"]
[WhiteElo "2576"]
[BlackElo "2543"]
[PlyCount "34"]
[EventDate "2008.02.16"]
[Source "www.chesslib.no"]
[SourceDate "2004.05.04"]

1. d4 d5 2. c4 c6 3. Nf3 Nf6 4. Nc3 dxc4 5. e3 b5 6. a4 b4 7. Nb1 e6 8. Bxc4 Bb7 9. a5 a6 10. O-O Nbd7 11. b3 c5 12. Bb2 cxd4 13. Nxd4 Bc5 14. Nd2 O-O 15. Qe2 Qe7 16. N4f3 e5 17. e4 Bd6 1/2-1/2

[Event "NED-ch"]
[Site "Leeuwarden"]
[Date "2004.06.30"]
[Round "1"]
[White "Bosboom, Manuel"]
[Black "Sokolov, Ivan"]
[Result "0-1"]
[WhiteElo "2422"]
[BlackElo "2690"]
[PlyCount "60"]
[EventDate "2004.06.30"]
[SourceDate "2004.07.13"]

1. d4 Nf6 2. Nf3 d5 3. c4 c6 4. Nc3 dxc4 5. e3 b5 6. a4 b4 7. Ne2 e6 8. Nf4 Ba6 9. Ne5 Bd6 10. Nxc4 Bxf4 11. exf4 O-O 12. Bd3 c5 13. O-O cxd4 14. Bd2 Nc6 15. Rc1 Rc8 16. Re1 Na5 17. Nxa5 Qxa5 18. Bxa6 Qxa6 19. Bxb4 Rxc1 20. Qxc1 Rc8 21. Qd1 d3 22. h3 Qc4 23. Bd2 Ne4 24. b3 Qd5 25. f3 Ng3 26. Re5 Qd6 27. Kh2 Ne2 28. Be3 Rc2 29. b4 Nc3 30. Qf1 d2 0-1

[Event "I Memorial Gedeon Barcza"]
[Site "Budapest UNG"]
[Date "2008.10.29"]
[Round "3"]
[White "Romanishin, O."]
[Black "Ruck, R1."]
[Result "0-1"]
[WhiteElo "2532"]
[BlackElo "2574"]
[PlyCount "102"]
[EventDate "2008.10.27"]
[Source "www.chesslib.no"]
[SourceDate "2004.05.04"]

1. d4 d5 2. Nf3 Nf6 3. c4 c6 4. Nc3 dxc4 5. e3 b5 6. a4 b4 7. Ne2 e6 8. Nf4 Ba6 9. Ne5 Bd6 10. Nxc4 Bxf4 11. exf4 O-O 12. Bd3 c5 13. dxc5 Qd5 14. b3 Qxg2 15. Rf1 Bxc4 16. Bxc4 Nc6 17. f3 Qxh2 18. Qd2 Qh5 19. Bb2 Rad8 20. Qf2 Qf5 21. Qe3 Nh5 22. Rg1 g6 23. Bb5 Qc2 24. Qe2 Qxe2+ 25. Kxe2 Nxf4+ 26. Ke3 Nd5+ 27. Kf2 Na5 28. c6 Nxb3 29. Rab1 Rc8 30. Rh1 f6 31. Rbd1 a6 32. Bc4 Na5 33. Bxd5 exd5 34. Rxd5 Nxc6 35. Rd7 Rf7 36. Rxf7 Kxf7 37. Rxh7+ Ke6 38. Rb7 Rb8 39. Rc7 Ne5 40. Ke2 Rb6 41. a5 Rd6 42. Rb7 Nc6 43. Rb6 Kd5 44. Kf1 Nxa5 45. Rxb4 Nc4 46. Bc3 Kc5 47. Ke2 Re6+ 48. Kf2 Re3 49. Rb3 Kd5 50. Kg2 f5 51. Kf2 f4 0-1

[Event "Bad Endbach"]
[Site "Bad Endbach"]
[Date "1995.??.??"]
[Round "?"]
[White "Romanishin, Oleg M"]
[Black "Kupreichik, Viktor D"]
[Result "1/2-1/2"]
[WhiteElo "2595"]
[BlackElo "2500"]
[PlyCount "138"]
[EventDate "1995.04.??"]
[Source "ChessBase"]

1. d4 d5 2. c4 c6 3. Nf3 Nf6 4. Nc3 dxc4 5. Ne5 e6 6. g3 Nbd7 7. Nxc4 b5 8. Ne3 b4 9. Na4 Ba6 10. Bg2 Rc8 11. O-O Be7 12. a3 bxa3 13. b3 Nd5 14. Nc4 N7b6 15. Naxb6 axb6 16. Bxa3 Bb5 17. Bxe7 Nxe7 18. Ra7 O-O 19. Na3 Nd5 20. Qd2 Qd6 21. Ra1 Nb4 22. e3 Bd3 23. Ra4 c5 24. dxc5 bxc5 25. Nc4 Qd8 26. Ne5 Bb5 27. Qxd8 Rfxd8 28. Ra5 Be8 29. h4 f6 30. Nc4 Rc7 31. Bh3 Kf7 32. Ra7 Rxa7 33. Rxa7+ Rd7 34. Ra5 Rd1+ 35. Kh2 Nd3 36. Nd6+ Ke7 37. Nxe8 Kxe8 38. Ra2 e5 39. Bf5 g6 40. Be4 f5 41. Bxd3 Rxd3 42. Ra5 Rxb3 43. Rxc5 e4 44. h5 Rb2 45. Kg2 Kf8 46. Rc7 Kg8 47. h6 Rb5 48. Rg7+ Kh8 49. Re7 Kg8 50. Kh3 Rb2 51. Kg2 Rb5 52. g4 fxg4 53. Re8+ Kf7 54. Rh8 Rh5 55. Rxh7+ Kf6 56. Rh8 Rh3 57. h7 Kg5 58. Re8 Rxh7 59. Re5+ Kh4 60. Rxe4 Ra7 61. Re6 Kg5 62. Kg3 Rf7 63. Re5+ Rf5 64. Re6 Rf3+ 65. Kg2 Rf5 66. Rd6 Ra5 67. Rd3 Rf5 68. Rd4 Rf8 69. Rd5+ Rf5 1/2-1/2

[Event "Open"]
[Site "op"]
[Date "1994.??.??"]
[Round "?"]
[White "Yermolinsky, Alex"]
[Black "Finegold, Benjamin"]
[Result "0-1"]
[WhiteElo "2620"]
[BlackElo "2475"]
[PlyCount "98"]
[EventDate "1994.??.??"]
[Source "www.chesslib.no"]
[SourceDate "2004.05.04"]

1. d4 d5 2. Nf3 Nf6 3. c4 c6 4. Nc3 dxc4 5. e4 b5 6. e5 Nd5 7. a4 h6 8. axb5 Nxc3 9. bxc3 cxb5 10. Ba3 Be6 11. Be2 Bd5 12. O-O e6 13. Bxf8 Kxf8 14. Nd2 Nc6 15. Bf3 Ne7 16. Ra6 Nf5 17. Qa1 g6 18. Rb1 Bxf3 19. Nxf3 Qd5 20. Ra5 a6 21. Rxa6 Kg7 22. Nd2 Nh4 23. f3 Rxa6 24. Qxa6 Ra8 25. Qxb5 Qxb5 26. Rxb5 Ra2 27. g3 Rxd2 28. gxh4 Rd3 29. Kf2 Rxc3 30. Rc5 Rc2+ 31. Kg3 c3 32. Rc8 Rc1 33. Kf4 c2 34. Rc7 g5+ 35. hxg5 hxg5+ 36. Ke3 Kg6 37. Kd3 Rd1+ 38. Kxc2 Rxd4 39. Ra7 Rd5 40. Ra4 Rxe5 41. Kd2 f5 42. h4 gxh4 43. Rxh4 Kg5 44. Ra4 f4 45. Ra1 Re3 46. Rg1+ Kf5 47. Rf1 Ke5 48. Kc2 Kd4 49. Rd1+ Kc4 0-1

[Event "300 Years"]
[Site "St Petersburg"]
[Date "2003.10.20"]
[Round "3"]
[White "Yevseev, Denis"]
[Black "Hasangatin, Ramil"]
[Result "1/2-1/2"]
[WhiteElo "2592"]
[BlackElo "2501"]
[PlyCount "76"]
[EventDate "2003.10.18"]
[Source "Roberto Alvarez"]
[SourceDate "2003.10.27"]

1. d4 d5 2. c4 c6 3. Nc3 Nf6 4. Nf3 dxc4 5. e4 b5 6. e5 Nd5 7. a4 Bf5 8. axb5 Nxc3 9. bxc3 cxb5 10. Ng5 e6 11. g4 Bg6 12. Bg2 Nd7 13. Qf3 Rb8 14. Rxa7 h6 15. Nh3 Qb6 16. Rxd7 Kxd7 17. Nf4 Ke8 18. O-O h5 19. Nxg6 fxg6 20. Be3 Qc7 21. Ra1 Be7 22. Qe4 Kf7 23. d5 Bc5 24. dxe6+ Kg8 25. Bf4 g5 26. Bxg5 hxg4 27. e7 Bxe7 28. Qf5 Rd8 29. Ra8 Rh5 30. Qe6+ Kh8 31. Rxd8+ Qxd8 32. Bxe7 Qd1+ 33. Bf1 g3 34. fxg3 Qd2 35. Bh4 Qe3+ 36. Kg2 Qe4+ 37. Kg1 Qe3+ 38. Kg2 Qe4+ 1/2-1/2

[Event "Camp. olandese"]
[Site "Hilversum OLA"]
[Date "2008.04.04"]
[Round "3"]
[White "Bosboom, M."]
[Black "Stellwagen, D."]
[Result "0-1"]
[WhiteElo "2471"]
[BlackElo "2621"]
[PlyCount "46"]
[EventDate "2008.04.02"]
[Source "www.chesslib.no"]
[SourceDate "2004.05.04"]

1. d4 d5 2. Nf3 Nf6 3. c4 c6 4. Nc3 dxc4 5. e4 b5 6. Qc2 e6 7. g4 Bb7 8. g5 Nfd7 9. h4 Na6 10. a3 Be7 11. Be3 Qa5 12. Nd2 c5 13. d5 Ne5 14. Ra2 exd5 15. exd5 O-O 16. Qf5 Bd6 17. h5 Rae8 18. h6 g6 19. Qb1 Ng4 20. Nde4 Bxd5 21. Bd2 Bf4 22. Kd1 Bxe4 23. Nxe4 Nxf2+ 0-1

[Event "67th ch-GEO KO"]
[Site "Tbilisi GEO"]
[Date "2008.03.25"]
[Round "4.1"]
[White "Margvelashvili, G."]
[Black "Mchedlishvili, M."]
[Result "1-0"]
[WhiteElo "2455"]
[BlackElo "2635"]
[PlyCount "117"]
[EventDate "2008.03.15"]
[Source "www.chesslib.no"]
[SourceDate "2004.05.04"]

1. d4 d5 2. c4 c6 3. Nf3 Nf6 4. Nc3 dxc4 5. e3 b5 6. a4 b4 7. Nb1 Ba6 8. Nbd2 c3 9. bxc3 Bxf1 10. Nxf1 bxc3 11. Ba3 Nbd7 12. Ng3 c5 13. O-O e6 14. Rc1 Qa5 15. Ne2 cxd4 16. Bxf8 Nxf8 17. Nfxd4 Ng6 18. Rxc3 O-O 19. Qc2 Nd5 20. Rc5 Qa6 21. Nc6 Nge7 22. Ned4 Nxc6 23. Nxc6 Qb7 24. Rb1 Qd7 25. Rd1 Qb7 26. g3 a6 27. e4 Nf6 28. Rc4 h6 29. Qb1 Qc7 30. a5 Kh8 31. Qb6 Qc8 32. Rcd4 e5 33. Nxe5 Qh3 34. f3 Rae8 35. Nd3 Nh7 36. Nf4 Qc8 37. Kg2 Ng5 38. Rd6 Qc3 39. R1d3 Qc2+ 40. Qf2 Qc8 41. Qb2 Ne6 42. Nh5 Rg8 43. Rc3 Qa8 44. Rcc6 Rb8 45. Rb6 Rxb6 46. axb6 Qb7 47. Nf4 Nxf4+ 48. gxf4 f6 49. Qd4 Qc8 50. Qd2 Qc5 51. b7 Qb5 52. Qd5 Qe2+ 53. Kg3 Qe1+ 54. Kg4 f5+ 55. Kh5 Qg1 56. Qxg8+ Kxg8 57. b8=Q+ Kh7 58. Qb2 Qf1 59. Rxh6+ 1-0

[Event "Novgorod op"]
[Site "Novgorod"]
[Date "1999.03.24"]
[Round "6"]
[White "Zakharevich, Igor"]
[Black "Lastin, Alexander"]
[Result "1-0"]
[WhiteElo "2532"]
[BlackElo "2558"]
[PlyCount "79"]
[EventDate "1999.03.19"]
[Source "ChessBase"]
[SourceDate "1999.05.10"]

1. d4 d5 2. Nf3 Nf6 3. c4 c6 4. Nc3 dxc4 5. e4 b5 6. e5 Nd5 7. a4 e6 8. Ng5 h6 9. Nge4 b4 10. Nb1 Ba6 11. Nbd2 Nf4 12. Qg4 c3 13. Qxf4 cxd2+ 14. Bxd2 Bxf1 15. Kxf1 Qd5 16. h4 Nd7 17. Rh3 Be7 18. Kg1 f5 19. exf6 gxf6 20. Re3 O-O-O 21. Ng3 e5 22. Qf5 Kb7 23. Be1 a5 24. Rc1 c5 25. dxe5 Nxe5 26. f4 Nc6 27. Bf2 Rd7 28. Re6 Rg8 29. Qxd5 Rxd5 30. Ne4 Rc8 31. Bxc5 Bxc5+ 32. Nxc5+ Kb6 33. Ne4 f5 34. Nd6 Rd8 35. Nc4+ Kb7 36. Ne3 Nd4 37. Re7+ R5d7 38. Rxd7+ Rxd7 39. Kf2 Re7 40. Rc4 1-0

[Event "otb"]
[Site "otb"]
[Date "2007.05.01"]
[Round "5"]
[White "Grivas Efstratios"]
[Black "Solak Dragan"]
[Result "1-0"]
[WhiteElo "2510"]
[BlackElo "2575"]
[PlyCount "61"]
[Source "www.chesslib.no"]
[SourceDate "2004.05.04"]

1. d4 d5 2. c4 c6 3. Nf3 Nf6 4. Nc3 dxc4 5. e3 b5 6. a4 b4 7. Nb1 Ba6 8. Be2 e6 9. Nbd2 c3 10. bxc3 bxc3 11. Nb1 Bb4 12. O-O c5 13. Ba3 O-O 14. Bxa6 Nxa6 15. Qd3 Qa5 16. Rc1 Rfc8 17. Nxc3 cxd4 18. Bxb4 Nxb4 19. Qxd4 Rd8 20. Qe5 Qxe5 21. Nxe5 Rac8 22. Nb5 a6 23. Nd6 Nc2 24. Nxc8 Nxa1 25. Ne7+ Kf8 26. Rxa1 Kxe7 27. Nc6+ Kd7 28. Nxd8 Kxd8 29. Kf1 Kc7 30. Rb1 Ne4 31. Rb4 1-0

[Event "ADCF Masters"]
[Site "Abu Dhabi"]
[Date "2003.08.17"]
[Round "2"]
[White "Mamedyarov, Shakhriyar"]
[Black "Rausis, Igors"]
[Result "1/2-1/2"]
[WhiteElo "2585"]
[BlackElo "2495"]
[PlyCount "39"]
[EventDate "2003.08.16"]
[Source "Roberto Alvarez"]
[SourceDate "2003.09.01"]

1. d4 d5 2. c4 c6 3. Nf3 Nf6 4. Nc3 dxc4 5. Ne5 b5 6. g3 Nfd7 7. f4 f6 8. Nxd7 Qxd7 9. Bg2 Bb7 10. e3 e6 11. Qh5+ g6 12. Qf3 Na6 13. Bd2 Nb4 14. O-O Nd5 15. Ne2 Be7 16. Rfe1 O-O 17. b3 Ba6 18. Bf1 f5 19. Kf2 c5 20. dxc5 1/2-1/2

[Event "Linares N. L."]
[Site "?"]
[Date "1994.??.??"]
[Round "?"]
[White "Vera, R."]
[Black "Illescas Cordoba, M."]
[Result "0-1"]
[WhiteElo "2485"]
[BlackElo "2590"]
[PlyCount "75"]
[EventDate "1994.??.??"]
[Source "ChessBase"]
[SourceDate "1994.06.01"]

1. d4 Nf6 2. Nf3 d5 3. c4 c6 4. Nc3 dxc4 5. e3 b5 6. a4 b4 7. Na2 e6 8. Bxc4 c5 9. O-O Bb7 10. Qe2 Nbd7 11. Rd1 Qc7 12. Bd2 a5 13. Nc1 Bd6 14. dxc5 Nxc5 15. Nd3 O-O 16. Nxc5 Bxc5 17. Rac1 Rad8 18. h3 Ne4 19. Be1 Rxd1 20. Qxd1 Rd8 21. Qc2 Bb6 22. b3 h6 23. Qb2 Qd6 24. Be2 Bc7 25. Rd1 Qxd1 26. Bxd1 Rxd1 27. Qe2 Nc3 28. Qc4 Bd6 29. Kf1 Be4 30. Nd2 Bc2 31. f4 e5 32. Kf2 exf4 33. exf4 Kh7 34. h4 h5 35. Nf3 Ne4+ 36. Kg1 Bd3 37. Qxf7 Nf6 38. g3 0-1

[Event "Campionato europeo 2007"]
[Site "Dresda GER"]
[Date "2007.04.05"]
[Round "3.69"]
[White "Iotov, Valentin"]
[Black "Atalik, Suat"]
[Result "1/2-1/2"]
[WhiteElo "2491"]
[BlackElo "2584"]
[PlyCount "112"]
[EventDate "2007.04.03"]
[Source "www.chesslib.no"]
[SourceDate "2004.05.04"]

1. d4 d5 2. Nf3 Nf6 3. c4 c6 4. Nc3 dxc4 5. e3 b5 6. a4 b4 7. Na2 e6 8. Bxc4 Bb7 9. O-O Nbd7 10. Bd2 a5 11. Nc1 Bd6 12. Qe2 c5 13. Nb3 O-O 14. Rfd1 Qe7 15. Be1 Rfd8 16. Rac1 cxd4 17. Nfxd4 Nc5 18. Bb5 Nxb3 19. Nxb3 Bc7 20. f3 Rxd1 21. Rxd1 Nd5 22. Bf2 Rd8 23. e4 Nf4 24. Rxd8+ Qxd8 25. Qd2 Qxd2 26. Nxd2 f5 27. exf5 exf5 28. Nc4 Bd5 29. Bb6 Bxb6+ 30. Nxb6 Be6 31. g3 Ng6 32. Kf2 Kf7 33. Ke3 Ke7 34. f4 Nf8 35. Kd4 Kd6 36. Bc4 Kc6 37. Ke5 Kxb6 38. Bxe6 Nxe6 39. Kxe6 Kc5 40. Kf7 g6 41. Kg7 Kc4 42. Kxh7 Kb3 43. Kxg6 Kxb2 44. h4 b3 45. h5 Ka3 46. h6 b2 47. h7 b1=Q 48. h8=Q Kxa4 49. Qe5 Qd3 50. Qxf5 Qxg3+ 51. Qg5 Qxg5+ 52. Kxg5 Kb3 53. f5 a4 54. f6 a3 55. f7 a2 56. f8=Q a1=Q 1/2-1/2

[Event "Simferopol"]
[Site "?"]
[Date "1988.??.??"]
[Round "?"]
[White "Yurtaev, L."]
[Black "Tukmakov, V."]
[Result "0-1"]
[WhiteElo "2485"]
[BlackElo "2590"]
[PlyCount "72"]
[EventDate "1988.??.??"]
[Source "ChessBase"]
[SourceDate "1988.07.01"]

1. Nf3 d5 2. d4 Nf6 3. c4 c6 4. Nc3 dxc4 5. e4 b5 6. e5 Nd5 7. a4 h6 8. Nd2 Nxc3 9. bxc3 Be6 10. Be2 Bd5 11. O-O e6 12. Bf3 a5 13. axb5 cxb5 14. Rb1 Qd7 15. Ne4 Qc6 16. Re1 Nd7 17. Qd2 b4 18. Qf4 b3 19. Ra1 a4 20. Ra3 Rb8 21. Bb2 Be7 22. Nd6+ Bxd6 23. Bxd5 Qxd5 24. exd6 Ra8 25. Raa1 O-O 26. Ba3 Rfb8 27. Rab1 Rb5 28. h3 Qf5 29. Qd2 Nb6 30. Rbd1 Nd5 31. Re5 Qc2 32. Qxc2 bxc2 33. Rde1 Rb3 34. Bc1 a3 35. d7 a2 36. Rxd5 a1=Q 0-1

[Event "ESP-ch"]
[Site "Palencia"]
[Date "1999.08.21"]
[Round "3"]
[White "Illescas Cordoba, Miguel"]
[Black "Del Rio Angelis, Salvador Gabriel"]
[Result "1-0"]
[WhiteElo "2600"]
[BlackElo "2471"]
[PlyCount "39"]
[EventDate "1999.08.19"]
[Source "www.chesslib.no"]
[SourceDate "2004.05.04"]

1. Nf3 d5 2. d4 Nf6 3. c4 c6 4. Nc3 dxc4 5. e4 Bg4 6. Bxc4 e6 7. Be3 Nbd7 8. h3 Bh5 9. a3 Be7 10. Qe2 O-O 11. Rd1 Qc7 12. g4 Bg6 13. Bg5 Rfe8 14. h4 Qa5 15. Bd2 h5 16. g5 Ng4 17. Nd5 exd5 18. Bxa5 Bd6 19. e5 dxc4 20. O-O 1-0

[Event "24th Open"]
[Site "Bad Woerishofen GER"]
[Date "2008.03.07"]
[Round "9"]
[White "Iotov, V."]
[Black "Drozdovskij, Y."]
[Result "1/2-1/2"]
[WhiteElo "2495"]
[BlackElo "2574"]
[PlyCount "40"]
[EventDate "2008.02.28"]
[Source "www.chesslib.no"]
[SourceDate "2004.05.04"]

1. d4 d5 2. Nf3 Nf6 3. c4 c6 4. Nc3 dxc4 5. e3 b5 6. a4 b4 7. Na2 e6 8. Bxc4 Bb7 9. O-O Nbd7 10. Qe2 c5 11. Rd1 Qb6 12. Bd2 a5 13. Be1 Bd6 14. Nc1 O-O 15. Nb3 Rfd8 16. Bb5 cxd4 17. Nfxd4 e5 18. Nf5 Bf8 19. Nd2 Qe6 20. Ng3 Nd5 1/2-1/2

[Event "Goodricke 13th op"]
[Site "Calcutta"]
[Date "2002.03.24"]
[Round "8"]
[White "Ovsejevitsch, Sergei"]
[Black "Sherbakov, Ruslan"]
[Result "1-0"]
[WhiteElo "2529"]
[BlackElo "2539"]
[PlyCount "91"]
[EventDate "2002.03.17"]
[Source "ChessBase"]
[SourceDate "2002.03.21"]

1. d4 d5 2. c4 c6 3. Nf3 Nf6 4. Nc3 dxc4 5. e4 b5 6. e5 Nd5 7. a4 e6 8. Ng5 h6 9. Nge4 b4 10. Nb1 Ba6 11. Qg4 h5 12. Qf3 Be7 13. Be2 Qb6 14. Be3 Nxe3 15. fxe3 Nd7 16. O-O f5 17. exf6 gxf6 18. Nbd2 f5 19. Ng3 Nf6 20. Nxc4 Qc7 21. Ne5 Bxe2 22. Nxe2 Ng4 23. Nf4 Nxe5 24. dxe5 Rh6 25. Rad1 Rc8 26. Nxe6 Qxe5 27. Nd4 Qe4 28. Qg3 Qg4 29. Qe5 Qe4 30. Qg7 Bf8 31. Qb7 Rd8 32. Nxf5 Rxd1 33. Rxd1 Qxf5 34. Qb8+ Ke7 35. Rf1 Qg5 36. Qxf8+ Kd7 37. Rf7+ Ke6 38. Qe8+ Kd5 39. Qd7+ Kc4 40. Rf4+ Kb3 41. Qd3+ Ka2 42. Rxb4 Rg6 43. g3 c5 44. Rb3 Qe5 45. Ra3+ Kxb2 46. Rb3+ 1-0

[Event "Campionato europeo 2007"]
[Site "Dresda GER"]
[Date "2007.04.11"]
[Round "8.78"]
[White "Porper, Eduard"]
[Black "Solak, Dragan"]
[Result "0-1"]
[WhiteElo "2492"]
[BlackElo "2575"]
[PlyCount "92"]
[EventDate "2007.04.03"]
[Source "www.chesslib.no"]
[SourceDate "2004.05.04"]

1. d4 d5 2. c4 c6 3. Nf3 Nf6 4. Nc3 dxc4 5. e4 b5 6. e5 Nd5 7. a4 e6 8. axb5 Nxc3 9. bxc3 cxb5 10. Ng5 Bb7 11. Qh5 g6 12. Qg4 Be7 13. Be2 Bd5 14. Ne4 h5 15. Qf4 Nc6 16. Ra6 Qc8 17. Nf6+ Bxf6 18. Qxf6 Rg8 19. Ra1 Qd8 20. Qf4 a5 21. O-O Qc7 22. Qh4 Kd7 23. Qf6 Qd8 24. Qf4 f5 25. exf6 Rf8 26. Qg3 Qxf6 27. Bh6 Rh8 28. Bf4 h4 29. Qe3 Qf5 30. f3 b4 31. Be5 Rhc8 32. g4 hxg3 33. Bxg3 b3 34. Qc1 a4 35. Ra3 Ra5 36. Kf2 Rca8 37. Qa1 R8a6 38. Qc1 Ra8 39. Re1 g5 40. Bd1 g4 41. Qh6 Rf8 42. Qg7+ Rf7 43. Qg8 b2 44. Be2 Bxf3 45. Bxf3 b1=Q 46. Rxb1 Qc2+ 0-1